Bibliografía Botánica para Colombia 1 : (Registro nro. 821)
[ vista simple ]
| 000 -CABECERA | |
|---|---|
| Campo de control | 00903nam a2200289 a 4500 |
| 005 - FECHA Y HORA DE LA ULTIMA TRANSACCION | |
| Campo de control | 20200104041515.0 |
| 008 - ELEMENTOS DE LONGITUD FIJA—INFORMACION GENERAL | |
| Campo de control | 140224b1991 ck ||||fr|||| 00| 0 spa d |
| 020 ## - ISBN | |
| ISBN | 9586080870 |
| 040 ## - FUENTE DE CATALOGACIÓN | |
| Agencia catalogadora original | CO-BoIAVH |
| Agencia transcriptora | CO-BoIAVH |
| 041 0# - IDIOMA | |
| Código de idioma para texto/pista de sonido o título separado | Español |
| 044 ## - PAÍS DE PUBLICACIÓN | |
| País de publicación | Colombia |
| 090 ## - CLASIFICACIÓN LOCAL | |
| Colección | RE- |
| Consecutivo | 00041 |
| 245 00 - MENCION DE TITULO | |
| Título | Bibliografía Botánica para Colombia 1 : |
| Mención de responsabilidad | Javier Estrada, Javier Fuertes & José María Cardiel |
| 260 ## - PUBLICACION, DISTRIBUCION, ETC. (PIE DE IMPRENTA) | |
| Lugar de publicación, distribución, etc. | Bogotá : |
| Nombre del editor, distribuidor, etc. | Guadalupe, |
| Fecha de publicación, distribución, etc. | 1991. |
| 300 ## - DESCRIPCION FISICA | |
| Extensión | 400 páginas ; |
| Dimensiones | 27 x 21 cm. |
| 650 #6 - ASIENTO SECUNDARIO DE MATERIA - TERMINO TEMATICO | |
| Término temático o nombre geográfico como elemento de entrada | Referencias bibliográficas |
| 9 (RLIN) | 2837 |
| 650 #6 - ASIENTO SECUNDARIO DE MATERIA - TERMINO TEMATICO | |
| Término temático o nombre geográfico como elemento de entrada | Botánica |
| 9 (RLIN) | 361 |
| 650 #6 - ASIENTO SECUNDARIO DE MATERIA - TERMINO TEMATICO | |
| Término temático o nombre geográfico como elemento de entrada | Taxonomía |
| 9 (RLIN) | 56372 |
| 650 #6 - ASIENTO SECUNDARIO DE MATERIA - TERMINO TEMATICO | |
| Término temático o nombre geográfico como elemento de entrada | Ecología |
| 9 (RLIN) | 56373 |
| 650 #6 - ASIENTO SECUNDARIO DE MATERIA - TERMINO TEMATICO | |
| Término temático o nombre geográfico como elemento de entrada | Flora |
| 9 (RLIN) | 56374 |
| 650 #6 - ASIENTO SECUNDARIO DE MATERIA - TERMINO TEMATICO | |
| Término temático o nombre geográfico como elemento de entrada | Vegetación |
| 9 (RLIN) | 56375 |
| 650 #6 - ASIENTO SECUNDARIO DE MATERIA - TERMINO TEMATICO | |
| Término temático o nombre geográfico como elemento de entrada | Investigación científica |
| 9 (RLIN) | 56376 |
| 700 1# - ASIENTO SECUNDARIO - NOMBRE PERSONAL | |
| Nombre personal | Estrada, Javier |
| Término de relación | Editor |
| 9 (RLIN) | 9341 |
| 700 1# - ASIENTO SECUNDARIO - NOMBRE PERSONAL | |
| Nombre personal | Fuertes, Javier |
| Término de relación | Editor |
| 9 (RLIN) | 9342 |
| 700 1# - ASIENTO SECUNDARIO - NOMBRE PERSONAL | |
| Nombre personal | Cardiel, José María |
| Término de relación | Editor |
| 9 (RLIN) | 56377 |
| 942 ## - ELEMENTOS ADICIONALES (KOHA) | |
| Tipo de ítem | Bibliografías |
| Sistema de clasificación | Local |
| Withdrawn status | Lost status | Sistema de Clasificación | Damaged status | No para préstamo | Colección | Inventariado | Ubicación Permanente | Ubicación actual | Fecha de adquisición | Fuente de Valor | Total Checkouts | Número topográfico | Inventario / Código de Barras | Date last seen | Ejemplar | Price effective from | Forma de adquisición | Tipo de material |
|---|---|---|---|---|---|---|---|---|---|---|---|---|---|---|---|---|---|---|
| Dewey Decimal Classification | Referencia | Bogotá | Bogotá | 09/09/1998 | Sarmiento,Fernando | RE-00041 | 016666 | 06/01/2016 | Vol. 1 Ej. 2 | 06/01/2016 | Bibliografías | |||||||
| Dewey Decimal Classification | General | Bogotá | Bogotá | 15/09/2004 | LB-03839 | AUTO_42132 | 26/05/2020 | Ej. 3 | 26/05/2020 | Bibliografías | ||||||||
| Dewey Decimal Classification | Referencia | Inventariado 2017 | Sala Fabio Quevedo | Sala Fabio Quevedo | 09/09/1998 | Sarmiento,Fernando | RE-00041 | 001160 | 04/12/2012 | Vol. 1 Ej. 1 | 04/12/2012 | Bibliografías |